| 000 | 00516nam a22001697a 4500 | ||
|---|---|---|---|
| 003 | OSt | ||
| 008 | 160512b xxu||||| |||| 00| 0 eng d | ||
| 020 | _a996644095x. | ||
| 040 | _aMUC | ||
| 050 | _aPL 8704 .S3A2 | ||
| 100 |
_aAbedi, Amri K. _d1991 |
||
| 245 |
_aSheria za kutunga mashairi na diwani ya amri/ _cAbedi, Amri K. |
||
| 260 |
_aNairobi: _bE. A. L. B., _c1954 . |
||
| 300 |
_a148 p. _c21cm |
||
| 650 |
_aSwahili poetry _xStudy and teaching |
||
| 942 |
_2lcc _cAFRICANA _hPL 8704 .S3A2 1991 _07 |
||
| 999 |
_c11142 _d11142 |
||